| 000 | 00690nam a2200205 i 4500 | ||
|---|---|---|---|
| 001 | 50491 | ||
| 003 | ES-MaACL | ||
| 005 | 20230906162205.0 | ||
| 007 | t| | ||
| 008 | 030805s1976 sp |||| | spa d | ||
| 100 | 1 |
_aCuadrat, Xavier. _9170581 |
|
| 245 | 1 | 0 |
_aSocialismo y anarquismo en Cataluña (1899-1911) _b: los orígenes de la C.N.T. / _cXavier Cuadrat ; prólogo: Casimir Marti. |
| 260 |
_a[Madrid] : _bRevista de Trabajo, _c[1976] |
||
| 300 |
_a682 p. ; _c20 cm. |
||
| 650 | 4 |
_aMovimiento obrero- _zCataluña. _9170582 |
|
| 650 | 4 |
_aAnarquismo- _zCataluña. _9170583 |
|
| 650 | 4 |
_aSocialismo- _zCataluña. _9170584 |
|
| 700 | 1 |
_aMartí, Casimir. _977182 |
|
| 852 |
_aES-MaACL _jL-7879 |
||
| 999 |
_c50491 _d50491 |
||